| Tag |
First Indicator |
Second Indicator |
Subfields |
| LEADER |
00000cam a2200000Ka 4500 |
| 001 |
in00002494313 |
| 005 |
20211202191641.0 |
| 006 |
m d f |
| 007 |
cr cn||||||||| |
| 008 |
090519s2004 ohua sbt f000 0 eng d |
| 035 |
|
|
|a (OCoLC)ocn326878643
|
| 040 |
|
|
|a GPO
|c GPO
|d MvI
|d UtOrBLW
|
| 049 |
|
|
|a WWW
|
| 050 |
0 |
0 |
|a TD1060
|b .P47 2004
|
| 074 |
|
|
|a 0431-Y (online)
|
| 086 |
0 |
|
|a EP 11.2:600/R-04/027
|
| 100 |
1 |
|
|a Pope, Daniel F.
|
| 245 |
1 |
0 |
|a Performance monitoring of MNA remedies for VOCs in ground water /
|c Daniel F. Pope [and others].
|
| 246 |
3 |
|
|a Performance monitoring of monitored natural attenuation remedies for volatile organic compounds in ground water
|
| 264 |
|
1 |
|a Cincinnati, OH :
|b U.S. Environmental Protection Agency, National Risk Management Research Laboratory,
|c [2004]
|
| 300 |
|
|
|a xii, 73, 4 pages :
|b digital, PDF file.
|
| 336 |
|
|
|a text
|b txt
|2 rdacontent
|
| 337 |
|
|
|a computer
|b c
|2 rdamedia
|
| 338 |
|
|
|a online resource
|b cr
|2 rdacarrier
|
| 538 |
|
|
|a Mode of access: Internet from the EPA web site. Address as of 5/19/09: http://www.epa.gov/ada/download/reports/600R04027/600R04027%5Ffm.pdf ; current access is available via PURL.
|
| 500 |
|
|
|a Title from title screen (viewed on May 19, 2009).
|
| 500 |
|
|
|a "April 2004."
|
| 504 |
|
|
|a Includes bibliographical references (pages 63-69).
|
| 500 |
|
|
|a "EPA/600/R-04/027."
|
| 520 |
|
|
|a Monitored natural attenuation refers to the reliance on natural attenuation processes to achieve site-specific remediation objectives within a time frame that is reasonable compared to that offered by other more active methods. Performance monitoring will be an essential component of the remedy to ensure site-specific objectives are achieved. This document focuses on chlorinated solvent compounds and common fuel-related aromatic compounds dissolved in ground water within porous media.
|
| 536 |
|
|
|a Prepared under contract to Dynamac Corporation
|b 68-C-99-256 and 68-C-02-092.
|
| 500 |
|
|
|a Electronic resource.
|
| 650 |
|
0 |
|a Hazardous wastes
|x Natural attenuation
|x Evaluation.
|
| 650 |
|
0 |
|a Hazardous waste site remediation
|x Evaluation.
|
| 650 |
|
0 |
|a Groundwater
|x Purification.
|
| 776 |
0 |
|
|t Performance monitoring of MNA remedies for VOCs in ground water
|h xii, 73, 4 p.
|w (DLC) 2004438765
|w (OCoLC)56532647
|
| 710 |
2 |
|
|a National Risk Management Research Laboratory (U.S.)
|
| 856 |
4 |
0 |
|u https://purl.fdlp.gov/GPO/LPS112819
|t 0
|
| 999 |
|
|
|a MARS
|
| 999 |
f |
f |
|s 344ce514-fa3e-3301-902a-9d04b4de71c3
|i 036da6e7-d9a3-3359-9948-50a07b6bf788
|t 0
|
| 952 |
f |
f |
|a Texas A&M University
|b College Station
|c Electronic Resources
|d Available Online
|t 0
|e EP 11.2:600/R-04/027
|h Superintendent of Documents classification
|
| 998 |
f |
f |
|a EP 11.2:600/R-04/027
|t 0
|l Available Online
|